| 000 | 00629nac a22002051u 4500 | ||
|---|---|---|---|
| 020 | _a8121925800 | ||
| 082 |
_a621.2 _bSUN |
||
| 090 |
_c9127 _d9127 |
||
| 100 | _aSundaram, K. Shanmuga | ||
| 245 |
_aHydraulic and pneumatic controls/ _cK. Shanmuga Sundaram |
||
| 260 |
_aNew Delhi: _bS. Chand & Company,2005 _c2005 |
||
| 300 |
_a223p.: _bill.; _c24 cm. |
||
| 500 | _adistributer: Al-Ahram | ||
| 511 | _acatalogued by: wessam | ||
| 650 | _aHydraulic machinery | ||
| 650 | _aHydraulic control. | ||
| 650 | _aPneumatic machinery. | ||
| 650 | _aPneumatic control. | ||
| 942 |
_cBB _k621.2SUN |
||
| 999 |
_c9127 _d9127 |
||